Lesy, zelený poklad republiky /

Hlavní autor: Frič, Jan, 1883-1971
Jazyk: Čeština
Vydáno: Praha : Brázda, 1951
Vydání: 1. vydání
Edice: Lesnická knihovna (Brázda)
Fyzický popis: 156 stran : ilustrace ; 8°
Knihy
Uloženo v:
LEADER 01057nam a22003132i 4500
001 001482286
003 CZ BrMZK
005 20180222125511.0
007 ta
008 150804s1951 xr a er|||||||||||cze d
015 |a cnb000504039 
035 |a (OCoLC)85306972 
040 |a ABA001  |b cze  |c BOA001  |d ABA001  |d BOA001  |e rda 
100 1 |a Frič, Jan,  |d 1883-1971  |7 jk01031873  |4 aut 
245 1 0 |a Lesy, zelený poklad republiky /  |c Jan Frič 
250 |a 1. vydání 
264 1 |a Praha :  |b Brázda,  |c 1951 
300 |a 156 stran :  |b ilustrace ;  |c 8° 
336 |a text  |b txt  |2 rdacontent 
337 |a bez média  |b n  |2 rdamedia 
338 |a svazek  |b nc  |2 rdacarrier 
490 1 |a Lesnická knihovna ;  |v svazek 4 
504 |a Obsahuje bibliografii 
830 0 |a Lesnická knihovna (Brázda)  |0 s 
910 |a BOA001  |b 2-0277.019 
990 |a BK 
991 |b 201508 
996 6 |b 2618906770  |c 2-0277.019  |l MZK  |r Sklad / do 24 hodin  |n 0  |w 001517436  |u 000020  |a 1  |e BOA001  |j MZK50  |s P 
996 7 |b 2618906771  |c 2-0277.019  |l MZK  |r Sklad / do 24 hodin  |n 1  |w 001517436  |u 000010  |a 1  |e BOA001  |j MZK50  |s A